Piosenki Smolastego - nagła śmierć - Statystyki

Ogólne statystyki
  • Ten quiz został rozwiązany 20 razy
  • Średni wynik to 5 z 15
Answers on the Grid
Answers color-coded by a green-red scale on the quiz's grid according to % correct below.
DR. Traphouse
Północ
CASABLANCA
Pełnia
Zatańczysz z mną
Zielone Oczy
Pijemy za lepszy Czas
Chłód
Uzależniony
Woda z miodem
A CAPELLA
Najwyższy Czas
Bal wszystkich świetych
Imbir
Nim Zajdzie Słońce
Róż
Cud
Zakochany Kundel
LADY PUNK
Papito
Duże Oczy
Sezon
Ale to już było
Herbata z Imbirem
Żółte szpilki
Oh Daddy
Mefendronowe Love
O rety
Matcha
Ratuj
 
Statystyki odpowiedzi
Odpowiedź % Poprawnych
Duże Oczy
78%
Nim Zajdzie Słońce
50%
Oh Daddy
50%
Pijemy za lepszy Czas
50%
Herbata z Imbirem
44%
Uzależniony
39%
Papito
33%
Pełnia
28%
A CAPELLA
17%
DR. Traphouse
17%
Sezon
17%
Mefendronowe Love
11%
Ratuj
11%
Zakochany Kundel
11%
Najwyższy Czas
0%
Nie znaleziono quizów pasujących do podanych kryteriów
Rozkład punktacji
Procent ludzi z każdym wynikiem
Percentyl według liczby udzielonych odpowiedzi
Twoja historia wyników
Nie rozwiązałeś tego quizu